Ecton processes at the cathode in a vacuum discharge; Proceedings of the 17th International Symposium on Discharges and Electrical Insulation in Vacuum, ISDEIV, Berkeley, CA, july 21-26, 1996; Vol. 2

التفاصيل البيبلوغرافية
Parent link:Proceedings of the 17th International Symposium on Discharges and Electrical Insulation in Vacuum, ISDEIV, Berkeley, CA, july 21-26, 1996.— , 1996
Vol. 2.— 1996.— P. 720-731
المؤلف الرئيسي: Mesyats G. A. Gennady Andreyevich
الملخص:В фонде НТБ ТПУ отсутствует
اللغة:الإنجليزية
منشور في: 1996
الموضوعات:
التنسيق: فصل الكتاب
KOHA link:https://koha.lib.tpu.ru/cgi-bin/koha/opac-detail.pl?biblionumber=596685

MARC

LEADER 00000naa0a2200000 4500
001 596685
005 20250122091732.0
035 |a (RuTPU)RU\TPU\tpu\19667 
090 |a 596685 
100 |a 20110808d1996 k y0engy50 ba 
101 0 |a eng 
102 |a US 
200 1 |a Ecton processes at the cathode in a vacuum discharge  |f G. A. Mesyats 
333 |a В фонде НТБ ТПУ отсутствует 
461 |t Proceedings of the 17th International Symposium on Discharges and Electrical Insulation in Vacuum, ISDEIV, Berkeley, CA, july 21-26, 1996  |d 1996 
463 |t Vol. 2  |v P. 720-731  |d 1996 
610 1 |a труды учёных ТПУ 
700 1 |a Mesyats  |b G. A.  |c russian physicist  |c academican, vice-president of RAS  |c graduate of Tomsk Polytechnic Institute  |f 1936-  |g Gennady Andreyevich  |3 (RuTPU)RU\TPU\pers\28088 
801 1 |a RU  |b 63413507  |c 20110808 
801 2 |a RU  |b 63413507  |c 20110928  |g RCR 
942 |c BK